| 000 | 00774cam a2200217 a 4500 | ||
|---|---|---|---|
| 999 |
_c9741 _d9741 |
||
| 005 | 20220111200510.0 | ||
| 008 | 000610s1997 enka b 001 0 eng | ||
| 020 | _a0714836168 (pbk.) | ||
| 041 | _aeng. | ||
| 082 | 0 | 0 |
_a720.9 _221 _bPAT |
| 100 | 1 | _aNuttgens, Patrick. | |
| 245 | 1 | 4 |
_aThe story of architecture / _cPatrick Nuttgens. |
| 250 | _a2nd ed. | ||
| 260 |
_aLondon : _bPhaidon Press, _c1997 _g(1999 printing) |
||
| 300 |
_a351 p. : _bill. (some col.) ; _c25 cm. |
||
| 504 | _aIncludes bibliographical references (p. 321-324) and index. | ||
| 650 | 0 |
_aArchitecture _xHistory. |
|
| 906 |
_a7 _bcbc _corigcop _d2 _encip _f20 _gy-gencatlg |
||
| 942 | _2ddc | ||